20 प्रैक्टिस सेट्स भारतीय वायु सेना GROUP - X तकनीकी ट्रेड परीक्षा (Record no. 63000)
[ view plain ]
| 000 -LEADER | |
|---|---|
| fixed length control field | 00416nam a22000977a 4500 |
| 100 ## - MAIN ENTRY--AUTHOR NAME | |
| Personal name | Guider |
| 245 ## - TITLE STATEMENT | |
| Title | 20 प्रैक्टिस सेट्स भारतीय वायु सेना GROUP - X तकनीकी ट्रेड परीक्षा |
| 260 ## - PUBLICATION, DISTRIBUTION, ETC. (IMPRINT) | |
| Place of publication | नई दिल्ली |
| Name of publisher | Guider Competitive Group |
| Year of publication | 2020 |
| 650 ## - SUBJECT ADDED ENTRY--TOPICAL TERM | |
| Topical Term | सेना विज्ञान |
| 942 ## - ADDED ENTRY ELEMENTS (KOHA) | |
| Koha item type | Hindi Books |
| Withdrawn status | Lost status | Damaged status | Not for loan | Home library | Current library | Date acquired | Cost, normal purchase price | Full call number | Accession Number | Price effective from | Koha item type |
|---|---|---|---|---|---|---|---|---|---|---|---|
| MACL | MACL | 29/08/2020 | 124.00 | 355 | GCLC000772 | 29/08/2020 | Hindi Books | ||||
| MACL | MACL | 29/08/2020 | 124.00 | 355 | GCLC000771 | 29/08/2020 | Hindi Books |









